00405nam a22001457a 450000500170000000800410001704000210005804100080007908200130008710000290010024500450012926000570017430000100023165000180024120241004091206.0241004b |||||||| |||| 00| 0 eng d aIN-DiNCcIN-DiNC dasm a001bDAS aDas, Sonto Rampleauthor aJibanar sugam path/cby Sonto Rampal Das aHisar:bPrachar prasar samiti (satluk ashram),cn.a. a360p. aWay of living